| 000 | 00614cam a22001817a 4500 | ||
|---|---|---|---|
| 008 | 180718b2004 xxu||||| |||| 00| 0 eng d | ||
| 020 | _a8182910099 | ||
| 082 | _aB3x54 Sa49/2004 R | ||
| 245 |
_aSocial watch India: citizens report on governance and development, 2004 _cedited by John Samuel, Yogesh Kumar and Amitabh Behar |
||
| 260 |
_aNew Delhi _bNational Social Watch Coalition _c2004 |
||
| 300 | _a191p. | ||
| 650 | _aIndia - Economic conditions | ||
| 650 | _aPublic administration - India | ||
| 650 | _aGovernance - India | ||
| 700 | _aBehar, Amitabh | ||
| 700 | _aYogesh Kumar | ||
| 700 | _aSamuel, John | ||
| 999 |
_c403369 _d403369 |
||